Štátny Veriteľ sľubuje poslednú pomoc

Historicky najväčšia vlna oddlžovania zdravotníctva SR ohlásená ministerstvom zdravotníctva. Čakanie na nový mechanizmus spôsobilo, že ministerstvo nezaplatilo za r. 2003 ani korunu dlhov. Vznik Veriteľa, a.s. Bratislava - charakteristika, funkcia - spoločný projekt rezortov financií a zdravotníctva...

ver descrição completa

Na minha lista:
Detalhes bibliográficos
Autor principal: Horníková, Zuzana
Formato: Capítulo de Livro
Idioma:eslovaco
Assuntos:
Tags: Adicionar Tag
Sem tags, seja o primeiro a adicionar uma tag!

MARC

LEADER 00000naa a2200000 4500
001 r049684
005 20230921115055.3
041 0 |a slo 
044 |a SK 
245 1 0 |a Štátny Veriteľ sľubuje poslednú pomoc  |c Zuzana Horníková 
520 |a Historicky najväčšia vlna oddlžovania zdravotníctva SR ohlásená ministerstvom zdravotníctva. Čakanie na nový mechanizmus spôsobilo, že ministerstvo nezaplatilo za r. 2003 ani korunu dlhov. Vznik Veriteľa, a.s. Bratislava - charakteristika, funkcia - spoločný projekt rezortov financií a zdravotníctva. Problém kontroly. Štátny faktoring. 
610 2 0 |a zdravotníctvo 
610 2 0 |a dlhy 
610 2 0 |a oddlženie 
610 2 0 |a kontrola 
610 2 0 |a faktoring 
610 2 0 |a Slovensko 
610 2 0 |a Veriteľ, a.s. Bratislava 
100 1 |a Horníková, Zuzana